000 00295nam a2200133Ia 4500
008 221030s9999 xx 000 0 und d
041 _aEnglish
082 _a105.23
100 _aA Silberchatz
245 0 _aDatabase Management
_cby A Silberchatz
260 _c0
650 _aMc
942 _cBK
999 _c10892
_d10892